zpět

Detail výsledku týmu

Pizza-Doma ST, Plzeň

Datum a čas kvízu

35.5 Celkem bodů Celkový počet nahraných bodů na tomto kvízu bez doplňovacích otázek.
2. Pořadí na kvízu Konečné umístění týmu na tomto kvízu.

Zaznamenané odpovědi

# Otázka Odpověď Body Výsledky
1. Ve středu byl do vedení Poslan... Jan Bartošek; KDU-ČSL 0.5
2. Minulý týden jsme se dozvěděli... C 1
3. V pondělí se odehrálo finále r... Patricie Herlíková; Jan (Honzi) Michálek 0
4. Ke 100. výročí založení Národn... guvernér ČNB; Aleš Michl 1
5. Tým Buggyra Racing představil... Invictus 0
6. První novodobé hry se konaly v... C 1
7. U maratonu ještě zůstaneme. Me... v Římě, běžel bosky 1
8. V Calgary se v roce 1988 na st... Eddie Eagle/orel Eddie/The Eagle; skoky na lyžích 0.5
9. Nyní se přeneseme na olympijsk... Kateřina Kůrková, Matthew Emmons 1
10. Na závěr postupně uslyšíte tři... 3, 2, 1 1